LEADER 01341nam a2200277 i 4500 001 000000359125 003 CaOOAMICUS 005 20240729091424.0 008 240729s2023 it u000 u ita u 020 $a978-88-399-3618-9 040 $aSeMil$bita 100 1 $aKörner, Felix,$c.$0(OLS)http://semarc/name/109503 240 10$aPolitical religion :$bhow Christianity and Islam shape the world.$0(OLS)http://semarc/title/449555 245 10$aReligione politica :$bcome cristianesimo e islam configurano il mondo /$cFelix Körner. 264 1$aBrescia :$bQueriniana,$c2023. 300 $a265 p. ;$c23 cm 490 1 $aBiblioteca di teologia contemporanea ;$v218 650 4$aPolitica - Rapporti [con la] Religione.$0(OLS)http://semarc/subject/56083 650 4$aTeologia politica.$0(OLS)http://semarc/subject/7740 830 0$aBiblioteca di teologia contemporanea ;$v218.$0(OLS)http://semarc/title/14 850 $aSeMil 852 $aSeMil$W1$xVenegono$y1$m2BA M 218$j249641$B250177$CSeMilBibl$Z2$F250177 $81 996 $6020$a978-88-399-3618-9$9(OLS)http://semarc/number/300862 996 $6245$aReligione politica :$bcome cristianesimo e islam configurano il mondo$9(OLS)http://semarc/title/449556 996 $6264$aBrescia :$bQueriniana$9(OLS)http://semarc/publisher/29615 LEADER 00546nab a2200145 i 4500 001 000000263030 003 CaOOAMICUS 005 20051116000000.0 008 051116n xx uu u0 0und r 013 $a4529 040 $aSeMil$bita 245 14$aUne stratégie familiale pour l'Union européenne. - Titolo principale dalla copertina. 500 $a2 mai 2004 (N° 2313). 773 0 $t[2004.$dParis : Bayard, 2004.$w()141393 996 $6245$aUne stratégie familiale pour l'Union européenne. - Titolo principale dalla copertina.$9(OLS)http://semarc/title/356303